01609nam a2200289 i 450000500170000000800410001702000150005804000350007304100080010810000350011624500860015125000220023726400240025930000250028333600270030833700330033533800280036849000220039652006590041865000450107765000470112265000300116965000290119970000400122870000400126808400110130820220316235358.0121119s1984 sp gs 000 p spa d a8475220932 aCO-BoRNBPbspacCO-BoRNBPerda aspa1 aPound, Ezra,d1885-1972eautor10aAntologiacEzra Pound ; traducción de José Coronel Urtecho y Ernesto Cardenal aPrimera edición 1aMadridbVisorc1984 a224 páginasc19 cm atextobtxt2rdacontent asin mediaciónbn2rdamedia avolumenbnc2rdacarrier aVisor de poesía3 aEzra Pound (Hailey, U.S.A., 1885 - Venecia, 1972) ha sido una de las voces poéticas más ricas y universales de nuestro siglo. Es autor de una obra amplisima que, con el paso del tiempo, se está conviertiendo en inevitable quía de la poesía actual y maestro insustituible de las nuevas generaciones. En su obra, Pound busca incansablemente su propio Yo, siempre determinado por un conjunto de fuerzas sociales, históricas, psicológicas, culturales... que , al mismo tiempo que lo delimitan, lo definen. Con los Cantos llena el ámbito histórico - social y humano en el que vive, hasta reconocer los confines y la fisonomía de sí mismo14aPoesía estadounidenseySiglo XIX2LEMB14aLiteratura estadounidenseySiglo XIX2LEMB14aHistoria vPoesía2LEMB14aSociedadvPoesía2LEMB1 aCardenal, Ernesto,d1925etraductor1 aCoronel Urtecho, José,etraductor aP POU1